War without mercy : race and power in the Pacific war /

Bibliographic Details
Main Author: Dower, John W.
Format: Book
Language:English
Published: New York : Pantheon Books, c1986.
Edition:The seventh printing, of this edition corr. by the author.
Subjects:
Classic Catalogue: View this record in Classic Catalogue
LEADER 01796nam a2200385 a 4500
001 45779
003 BD-DhAAL
005 20260514124535.0
008 260514t1986 nyua b 001 0 eng
010 |a  85043462  
020 |a 9780394751726 
020 |a 039450030X :  |c $22.50 
035 |a 4752688 
040 |a DLC  |c DLC  |d DLC  |d BD-DhAAL 
043 |a po----- 
050 0 0 |a D767.9  |b .D69 1986 
082 0 0 |a 940.531  |2 19 
100 1 |a Dower, John W.  |9 60761 
245 1 0 |a War without mercy :  |b race and power in the Pacific war /  |c John W. Dower. 
246 3 |a War without mercy 
246 3 0 |a Race and power in the Pacific war 
250 |a The seventh printing, of this edition corr. by the author. 
260 |a New York :  |b Pantheon Books,  |c c1986.  |g (1993 printing) 
300 |a xii, 398 pages :  |b illustrations ;  |c 25 cm 
500 |a 7th printing, corr. by the author. 
504 |a Includes bibliographical references (p. 367-384) and index. 
526 8 |a AAL 
541 1 |a Donated by Embassy of Japan in Bangladesh, Read Japan Project 2025, The Tokyo Foundation, supported by The Nippon Foundation.  |e 45779 
650 0 |a World War, 1939-1945  |z Pacific Area.  |9 60762 
650 0 |a World War, 1939-1945  |x Public opinion.  |9 60763 
650 0 |a Racism. 
852 1 |a Ayesha Abed Library  |c General Stacks 
942 |2 ddc  |c BK 
999 |c 47961  |d 47961 
952 |0 0  |1 0  |2 ddc  |4 0  |6 940_531000000000000_DOE  |7 0  |9 79208  |a BRACUL  |b BRACUL  |d 2026-05-14  |e Donated by Embassy of Japan in Bangladesh, Read Japan Project 2025, The Tokyo Foundation, supported by The Nippon Foundation.  |l 0  |o 940.531 DOE  |p 3010045779  |r 2026-05-14  |t 1  |w 2026-05-14  |y BK  |x Donated copy received from Embassy of Japan in Bangladesh, Read Japan Project 2025, The Tokyo Foundation, supported by The Nippon Foundation on 08 April 2026; $9.02